|
|
|
|
| LEADER |
00000nab a2200000 ar4500 |
| 001 |
vtls009962264 |
| 003 |
SK-MaSNL |
| 005 |
20260303045849.0 |
| 008 |
091021c2009 xo wr|p|||||||000 b|slo |
| 038 |
|
|
|a PPPK
|
| 040 |
|
|
|a PPPKCL
|b slo
|c PPPKCL
|e AACR2
|
| 041 |
0 |
|
|a slo
|
| 044 |
|
|
|a xo
|c SK
|
| 080 |
|
|
|a 728.1/.3
|2 2001
|
| 080 |
|
|
|a 351.778.532
|x (437.671)
|2 2001
|
| 245 |
0 |
0 |
|a Po 16 rokoch prvé nájomné byty
|c [text a foto] (mna)
|
| 300 |
|
|
|b Fotogr.
|
| 650 |
0 |
7 |
|a bytová výstavba
|2 pppkcl
|9 3036
|
| 650 |
0 |
7 |
|a nájomné byty
|2 pppkcl
|9 469715
|
| 650 |
0 |
7 |
|a odovzdávanie
|2 pppkcl
|9 878677
|
| 651 |
|
7 |
|a Levoča (Slovensko)
|2 pppkcl
|9 26696
|
| 773 |
0 |
|
|t Podtatranské noviny
|g Roč. IIL, č. 41 (2009), s. 2
|
| 852 |
|
|
|a PPPK
|b KIS3GCP
|
| 999 |
|
|
|c 1705310
|d 1707240
|